Śródlądowe państwa w Europie - Statystyki

Ogólne statystyki
  • Ten quiz został rozwiązany 8 426 razy
  • Średni wynik to 14 z 15
Statystyki odpowiedzi
Państwo % Poprawnych
Czechy
98%
Słowacja
97%
Andora
95%
Austria
94%
Liechtenstein
93%
Węgry
93%
Watykan
92%
Luksemburg
91%
Serbia
91%
Szwajcaria
91%
San Marino
90%
Białoruś
88%
Kosowo
86%
Macedonia Północna
85%
Mołdawia
79%
Nie znaleziono quizów pasujących do podanych kryteriów
Rozkład punktacji
Procent ludzi z każdym wynikiem
Percentyl według liczby udzielonych odpowiedzi
Twoja historia wyników
Nie rozwiązałeś tego quizu